Commentariorvm de Bello Civili: liber I et II
Salvato in:
| Autore principale: | |
|---|---|
| Natura: | Libro |
| Lingua: | latino |
| Pubblicazione: |
Turín
Avgvstae Tavrinorvm
1868
|
| Soggetti: | |
| Tags: |
Aggiungi Tag
Nessun Tag, puoi essere il primo ad aggiungerne!!
|
MARC
| LEADER | 00000nam a2200000 a 4500 | ||
|---|---|---|---|
| 001 | UCZ3430 | ||
| 003 | CL-VaPUC | ||
| 008 | 951020e18680000IT |||||||||||||||||lat|d | ||
| 082 | 0 | 4 | |a 937.05 |b CES |2 21 |
| 100 | |a Julio César |e author |9 554667 | ||
| 245 | 1 | 0 | |a Commentariorvm de Bello Civili: liber I et II |
| 300 | |a 67 p | ||
| 942 | |c BK | ||
| 945 | |d 19951020 00:00:00 |a lriquelm | ||
| 260 | |a Turín |b Avgvstae Tavrinorvm |c 1868 | ||
| 650 | 0 | |a Historia |9 255047 | |
| 650 | 0 | |a Guerra civil |9 320243 | |
| 651 | 0 | |a Roma |9 255106 | |
| 583 | |a last modification |c 20130320 10:14:40 |k Rodrigo Vera | ||
| 999 | |c 239906 |d 239904 | ||
| 952 | |0 0 |1 0 |4 0 |6 937_050000000000000_CES_1868 |7 0 |8 P |9 251406 |a BIBEDU |b BIBEDU |c BIBEDU_PB |d 2019-11-18 |i 1587889 |o 937.05 CES 1868 |p 1587889 |r 2019-11-18 |w 2019-11-18 |y BK |k FIL | ||